[Event "London Mindsports Rapid"]
[Site "London"]
[Date "2022.09.11"]
[Round "8.11"]
[White "Kerr, Duncan"]
[Black "Fewell, Ewan"]
[Result "1-0"]
[WhiteElo "1782"]
[BlackElo "1848"]
[PlyCount "43"]
[EventDate "2022.09.11"]
[EventType "swiss (rapid)"]
[EventRounds "9"]
[EventCountry "ENG"]
[SourceTitle "CBM 210 Extra"]
[Source "ChessBase"]
[SourceDate "2022.11.30"]
[SourceVersion "1"]
[SourceVersionDate "2022.11.30"]
[SourceQuality "1"]

1. d4 Nf6 2. Nc3 d5 3. Bf4 e6 4. Nb5 Na6 5. e3 c6 6. Nc3 Nc7 7. Nf3 Bb4 8. Bd3 Nb5 9. 0-0 Bxc3 10. bxc3 Nxc3 11. Qe1 Nce4 12. Ne5 0-0 13. f3 Nd6 14. Qh4 Nf5 15. Qh3 g6 16. Bg5 h6 17. Bxh6 Nxh6 18. Qxh6 Qe7 19. f4 c5 20. Rf3 c4 21. Rh3 Nh5 22. Rxh5 1-0

[Event "London Mindsports Rapid"]
[Site "London"]
[Date "2022.09.11"]
[Round "6.11"]
[White "Kerr, Duncan"]
[Black "Wilks, Simon"]
[Result "0-1"]
[WhiteElo "1782"]
[BlackElo "1943"]
[PlyCount "118"]
[EventDate "2022.09.11"]
[EventType "swiss (rapid)"]
[EventRounds "9"]
[EventCountry "ENG"]
[SourceTitle "CBM 210 Extra"]
[Source "ChessBase"]
[SourceDate "2022.11.30"]
[SourceVersion "1"]
[SourceVersionDate "2022.11.30"]
[SourceQuality "1"]

1. d4 Nf6 2. Nc3 e6 3. e4 d5 4. Bg5 Bb4 5. e5 h6 6. Be3 Ne4 7. a3 Bxc3+ 8. bxc3 c5 9. Qg4 g6 10. Bd3 h5 11. Qf4 g5 12. Qf3 Nxc3 13. dxc5 d4 14. Bd2 Nc6 15. Bxc3 dxc3 16. Qe3 Qd4 17. Qxd4 Nxd4 18. Ne2 Nxe2 19. Kxe2 Bd7 20. Rab1 Bc6 21. f3 0-0-0 22. Rb3 Rd5 23. Rxc3 Rxe5+ 24. Kf2 Rd8 25. Rb3 Rxc5 26. Rb4 Kc7 27. h4 gxh4 28. Rbxh4 Rdd5 29. g4 hxg4 30. Rxg4 Rg5 31. Rxg5 Rxg5 32. Rh7 Be8 33. Rh8 Kd8 34. Be4 Rb5 35. Bd3 Rc5 36. Ke3 Ke7 37. Kd4 b6 38. Rg8 Ra5 39. Rh8 Rxa3 40. Rh6 Ra5 41. Be4 Rc5 42. c3 a5 43. Rh1 f5 44. Bd3 Kd6 45. Rb1 b5 46. f4 a4 47. Ra1 Bc6 48. Ra2 Rd5+ 49. Ke3 Kc5 50. Ra1 Rd8 51. Be2 Rh8 52. Bd3 Rh3+ 53. Kd2 Rf3 54. Re1 Bd5 55. Rg1 Rxf4 56. Rg8 Rf2+ 57. Kc1 a3 58. Kb1 a2+ 59. Ka1 Rd2 0-1